Microsoft SQL Azure: administración y desarrollo en la nube
Furkejuvvon:
| Váldodahkki: | |
|---|---|
| Materiálatiipa: | Girji |
| Giella: | espánnjágiella |
| Almmustuhtton: |
Ciudad de México
Alfaomega
2012
|
| Preanttus: | 1a. ed |
| Fáttát: | |
| Fáddágilkorat: |
Lasit fáddágilkoriid
Eai fáddágilkorat, Lasit vuosttaš fáddágilkora!
|
MARC
| LEADER | 00000cam a2200000 a 4500 | ||
|---|---|---|---|
| 001 | UCE5391 | ||
| 003 | CL-VaPUC | ||
| 008 | 141230e20120000mx |||||||||||||||||spa|d | ||
| 020 | |a 9786077074298 | ||
| 082 | 0 | 4 | |a 005.3 |b PER |2 21 |
| 100 | 0 | |a Pérez Marqués, María |e author |9 578001 | |
| 245 | 1 | 0 | |a Microsoft SQL Azure: administración y desarrollo en la nube |
| 250 | |a 1a. ed | ||
| 300 | |a 208 p | ||
| 942 | |c BK | ||
| 945 | |d 20141230 16:04:00 |a arojas | ||
| 260 | |a Ciudad de México |b Alfaomega |c 2012 | ||
| 650 | 0 | |a Programas para computadores |9 260340 | |
| 650 | 7 | |a SQL SERVER |2 CL-VaPUC |9 434424 | |
| 650 | 0 | |a Windows |9 324619 | |
| 650 | 0 | |a Administradores de archivos |9 435952 | |
| 650 | 0 | |a Cloud computing |9 571836 | |
| 583 | |a last modification |c 20141230 16:04:00 |k Rodrigo Vera | ||
| 999 | |c 358121 |d 358119 | ||
| 952 | |0 0 |1 0 |3 erb |4 0 |6 005_300000000000000_PER_2012 |7 0 |8 A |9 466550 |a BIBING |b BIBING |i 513160K |o 005.3 PER 2012 |p 513160K |r 2025-01-20 |w 2019-11-23 |y BK |z Catalogado en:20141230 |k CCI | ||
| 952 | |0 0 |1 0 |3 erb |4 0 |6 005_300000000000000_PER_2012 |7 0 |8 A |9 466551 |a BIBING |b BIBING |i 5131618 |o 005.3 PER 2012 |p 5131618 |r 2025-01-20 |w 2019-11-23 |y BK |z Catalogado en:20141230 |k CCI | ||
| 952 | |0 0 |1 0 |3 erb |4 0 |6 005_300000000000000_PER_2012 |7 0 |8 A |9 466552 |a BIBING |b BIBING |i 5131626 |o 005.3 PER 2012 |p 5131626 |r 2025-01-20 |w 2019-11-23 |y BK |z Catalogado en:20141230 |k CCI | ||
| 952 | |0 0 |1 0 |3 erb |4 0 |6 005_300000000000000_PER_2012 |7 0 |8 A |9 466553 |a BIBING |b BIBING |i 5131634 |o 005.3 PER 2012 |p 5131634 |r 2025-01-20 |w 2019-11-23 |y BK |z Catalogado en:20141230 |k CCI | ||
| 952 | |0 0 |1 0 |3 erb |4 0 |6 005_300000000000000_PER_2012 |7 0 |8 A |9 466554 |a BIBING |b BIBING |i 5131642 |o 005.3 PER 2012 |p 5131642 |r 2025-01-20 |w 2019-11-23 |y BK |z Catalogado en:20141230 |k CCI | ||
| 952 | |0 0 |1 0 |3 erb |4 0 |6 005_300000000000000_PER_2012 |7 0 |8 A |9 466555 |a BIBING |b BIBING |i 5240859 |o 005.3 PER 2012 |p 5240859 |r 2025-01-20 |w 2019-11-23 |y BK |z Catalogado en:20151002 |k CCI | ||
| 952 | |0 0 |1 0 |3 erb |4 0 |6 005_300000000000000_PER_2012 |7 0 |8 A |9 466556 |a BIBING |b BIBING |i 5240840 |o 005.3 PER 2012 |p 5240840 |r 2025-01-20 |w 2019-11-23 |y BK |z Catalogado en:20151002 |k CCI | ||
| 952 | |0 0 |1 0 |3 erb |4 0 |6 005_300000000000000_PER_2012 |7 0 |8 A |9 466557 |a BIBING |b BIBING |i 5240832 |o 005.3 PER 2012 |p 5240832 |r 2025-01-20 |w 2019-11-23 |y BK |z Catalogado en:20151002 |k CCI | ||
| 952 | |0 0 |1 0 |3 erb |4 0 |6 005_300000000000000_PER_2012 |7 0 |8 A |9 466558 |a BIBING |b BIBING |i 5240824 |o 005.3 PER 2012 |p 5240824 |r 2025-01-20 |w 2019-11-23 |y BK |z Catalogado en:20151002 |k CCI | ||
| 952 | |0 0 |1 0 |3 erb |4 0 |6 005_300000000000000_PER_2012 |7 0 |8 A |9 466559 |a BIBING |b BIBING |i 5240816 |o 005.3 PER 2012 |p 5240816 |r 2025-01-20 |w 2019-11-23 |y BK |z Catalogado en:20151002 |k CCI | ||